000 00371nam a22001337a 4500
082 _a940
_bFul
_cL-30-II, P-72
100 _aFuller, J.F.C
_937121
245 _aThe decisive battles of the western world
260 _aLondon
_bEyre & Spottiswood
_c1956
300 _aPage-665
_bIllus
526 _a0
_b0
_c0
_d940_000000000000000_FUL
650 _aMCE
_9379
942 _2ddc
_cBK
999 _c551749
_d551749